00601nac a22001811u 4500020001500000082001700015090001500032100003400047245004700081260004800128300002500176504002600201650002500227650002000252942002000272999001500292952011200307 a812420215X a338.5bSa737 c2175d2175 aSarkar, Manoj Kumar  aManagerial economics /cManoj Kumar Sarkar aNew Delhi :bCrest Pub. house ,2000c2000 . avii,154 p. ;c18 cm. aBiblioraphy:p.152-154 aManagerial economics aDecision making cBBk338.5 Sa737 c2175d2175 00104070aMAINbMAINc1STd2012-02-07ePurchasel0o338.5 SARp000002112r2025-07-15 00:00:00v190.00yBB